Yksirajaisten valtioiden naapurimaat - Statistics

Yleistilastot
  • Tätä visaa on pelattu 1 943 kertaa
  • Keskiarvotulos 10 / 15
Vastaustilastot
Valtio, jolla on yksi raja Naapurimaa % Oikein
San Marino Italia
76%
Yhdistynyt kuningaskunta Irlanti
73%
Kanada Yhdysvallat
73%
Itä-Timor Indonesia
72%
Etelä-Korea Pohjois-Korea
72%
Irlanti Yhdistynyt kuningaskunta
72%
Portugali Espanja
71%
Lesotho Etelä-Afrikka
69%
Dominikaaninen tasavalta Haiti
65%
Monaco Ranska
60%
Tanska Saksa
60%
Haiti Dominikaaninen tasavalta
54%
Brunei Malesia
54%
Qatar Saudi-Arabia
50%
Gambia Senegal
45%
Ehtoja vastaavia visoja ei löytynyt
Tulosjakauma
Jokaisen tuloksen saaneiden osuus
Persentiili vastausten määrän mukaan
Tuloshistoriasi
Et ole pelannut tätä visaa